000 01371nam a22002297a 4500
003 BDDh-ASL
005 20231015031228.0
008 230316s2002 b ||||| |||| 00| 0 b d
040 _cBDDh-ASL
041 _abengali
082 _a297.5492
_bAHB
100 1 _aআহমেদ, ইমতিয়াজ
_97444
245 1 0 _aবাংলার রাজনীতিতে উদারপন্থী মুসলিম রাজনীতিকদের ভূমিকা (১৯০৫-১৯২৫) /
246 _aBanglar Rajnitite Udarponthi Muslim Rajnitijder Bhumika.
260 _aঢাকা:
_bবাংলাদেশ ইন্সষ্টিটিউট অব 'ল' এন্ড ইন্টারন্যাশনাল এ্যাফেয়ার্স (বিলিয়া),
_c২০০২।
300 _a১৬৭ পৃষ্ঠা:
_c২৫ সে.মি.
504 _aগ্রন্থপঞ্জি সংযুক্ত ।
650 0 _aIslamic History (ইসলামের ইতিহাস), Islamic Civilization, ইসলামী সভ্যতা, Isalāmī sabhyatā
_95885
650 0 _aHistory (ইতিহাস)
_94586
650 0 _aরাষ্ট্রবিজ্ঞান (Political Science), রাজনীতি, Rāṣṭrabijñāna
_xমুসলিম রাজনীতি
_96090
942 _2ddc
_cBK
999 _c31075
_d31075